000 00625nam a2200205 a 4500
005 20210223125744.0
008 051125s2002 mx r 000 0 spa d
020 _a8497420276
035 _aUPN01000141273
049 _aCG
050 4 _aDP264 F7
_bM6.3
100 1 _aMoradiellos, Enrique
245 1 0 _aFrancisco Franco :
_bcrónica de un caudillo casi olvidado /
_cEnrique Moradiellos.
260 _aMadrid :
_bBiblioteca Nueva,
_cc2002.
300 _a279 p. :
_bil.
440 0 _aPerfiles del poder ;
_v8
600 1 4 _aFRANCO BAHAMONDE, FRANCISCO,
_d1892-1975
651 4 _aESPAÑA -
_xHISTORIA
_914368
905 _aLibro
999 _c113420
_d113420